| LEADER 00000nam 2200000uu 4500 |
| 001 213008 |
| 003 ULIBM |
| 008 200720s||||||||th 000 0 tha d |
| 020 ^a9780323358415
|
| 041 ^aeng
|
| 060 04 ^aWY18.2^bS587s 2020
|
| 100 1 ^aSilverstri, Linda Anne
|
| 245 10 ^aSaunders comprehensive review for the NCLEX-RN examination/^cLinda Anne Silverstri, Angela E. Silvestri andassociate editor, Katherine M. Silvestri
|
| 250 ^a8th ed.
|
| 260 ^aSt. Louis Missouri :^bElsevier,^cc2020
|
| 300 ^axviii,1134 p.:^bill.;^c28 cm.
|
| 504 ^aIncludes bibliographical references and index.
|
| 650 2 ^aNursing, practical^xExamination Questions
|
| 650 2 ^aNursing Care^xExamination Questions
|
| 650 2 ^aNursing Process^xExamination Questions
|
| 700 1 ^aSilvestri, Angela E.
|
| 700 1 ^aSilvestri, Katherine M.,^eed.
|
| 999 ^aใช้งานได้ทุกระบบ
|